[Event "Managua Hurtado Memorial 22nd"]
[Site "Managua"]
[Date "2022.12.27"]
[Round "2"]
[White "Davila, Carlos"]
[Black "Rodriguez Ulloa, Josue"]
[Result "1-0"]
[WhiteElo "2196"]
[BlackElo "1792"]
[PlyCount "119"]
[EventDate "2022.12.26"]
[EventType "swiss"]
[EventRounds "9"]
[EventCountry "NCA"]
[SourceTitle "CBM 212 Extra"]
[Source "ChessBase"]
[SourceDate "2023.03.31"]
[SourceVersion "1"]
[SourceVersionDate "2023.03.31"]
[SourceQuality "1"]

1. e4 c5 2. Nf3 Nc6 3. Nc3 Nf6 4. d4 cxd4 5. Nxd4 e5 6. Ndb5 d6 7. a4 a6 8. Na3 Be7 9. Bg5 0-0 10. Bxf6 Bxf6 11. Bc4 Bg5 12. Nd5 Kh8 13. 0-0 f5 14. exf5 Bxf5 15. c3 Rc8 16. Be2 Ne7 17. Nc4 Nxd5 18. Qxd5 Rc6 19. a5 Qf6 20. Ne3 Be6 21. Qe4 Qf4 22. Bf3 Qxe4 23. Bxe4 Rc7 24. Nd5 Rc5 25. Rfd1 Rd8 26. Rd3 Rb5 27. Nc7 Bc4 28. Rg3 Rc5 29. Rxg5 Rxc7 30. Rd1 h6 31. Rxe5 Rcd7 32. Rf5 d5 33. Bf3 Re7 34. h4 Red7 35. h5 Rd6 36. Re5 Bb3 37. Rde1 Bc2 38. Re7 b6 39. axb6 Rxb6 40. Re8+ Rxe8 41. Rxe8+ Kh7 42. Bxd5 Rxb2 43. Bg8+ Kh8 44. Bc4+ Kh7 45. Bxa6 Rb1+ 46. Kh2 Ra1 47. Bc4 g5 48. hxg6+ Kxg6 49. Re6+ Kg7 50. Re2 Bf5 51. Bd5 Rc1 52. Re3 Rc2 53. Kg3 Kf6 54. c4 h5 55. f4 Bg4 56. Ra3 Be2 57. Ra6+ Kg7 58. f5 Bxc4 59. f6+ Kh6 60. f7+ 1-0

[Event "Managua Hurtado Memorial 22nd"]
[Site "Managua"]
[Date "2022.12.26"]
[Round "1"]
[White "Rodriguez Ulloa, Josue"]
[Black "Simplina, Amor"]
[Result "1/2-1/2"]
[WhiteElo "1792"]
[BlackElo "2091"]
[PlyCount "52"]
[EventDate "2022.12.26"]
[EventType "swiss"]
[EventRounds "9"]
[EventCountry "NCA"]
[SourceTitle "CBM 212 Extra"]
[Source "ChessBase"]
[SourceDate "2023.03.31"]
[SourceVersion "1"]
[SourceVersionDate "2023.03.31"]
[SourceQuality "1"]

1. e4 c5 2. Nf3 d6 3. Bb5+ Bd7 4. Bxd7+ Qxd7 5. 0-0 Nc6 6. Nc3 Nf6 7. d4 cxd4 8. Nxd4 g6 9. Bg5 Bg7 10. Re1 0-0 11. Nxc6 bxc6 12. Qd3 Qb7 13. b3 h6 14. Bh4 Qb4 15. Rad1 Rfe8 16. Bg3 Nh5 17. Ne2 a5 18. Qf3 Qc5 19. c4 a4 20. Nf4 Nxg3 21. hxg3 axb3 22. axb3 Ra2 23. Nd3 Qb6 24. e5 Rf8 25. Rb1 Ra3 26. exd6 exd6 1/2-1/2

[Event "Managua Hurtado Memorial op"]
[Site "Managua"]
[Date "2021.12.30"]
[Round "8"]
[White "Ortiz, Heriberto"]
[Black "Rodriguez Ulloa, Josue"]
[Result "1/2-1/2"]
[WhiteElo "1835"]
[BlackElo "1750"]
[PlyCount "98"]
[EventDate "2021.12.26"]
[EventType "swiss"]
[EventRounds "9"]
[EventCountry "NCA"]
[SourceTitle "CBM 206 Extra"]
[Source "ChessBase"]
[SourceDate "2022.03.31"]
[SourceVersion "1"]
[SourceVersionDate "2022.03.31"]
[SourceQuality "1"]

1. e4 c5 2. Nf3 Nc6 3. Bc4 e6 4. 0-0 Nf6 5. Nc3 Be7 6. d3 0-0 7. Bg5 h6 8. Bh4 a6 9. a3 d6 10. Qd2 b5 11. Ba2 Bd7 12. Rad1 Qb6 13. h3 a5 14. Ne2 b4 15. a4 Rfd8 16. Qe3 e5 17. Bb3 Nd4 18. Nfxd4 cxd4 19. Qd2 Qc7 20. f4 Bc6 21. fxe5 dxe5 22. Rf3 Rd6 23. Rdf1 Qd8 24. Bg3 Nd7 25. Rxf7 Kh8 26. R7f5 Bf6 27. Bh2 Qe7 28. Ng3 Bg5 29. Qe2 Rf6 30. Qg4 Raf8 31. h4 Rxf5 32. Nxf5 Be3+ 33. Nxe3 dxe3 34. Rxf8+ Qxf8 35. Qf3 Qc5 36. Kf1 Nf6 37. Ke2 Qd4 38. Bg1 Qxb2 39. Bxe3 Bd7 40. Kf2 Bg4 41. Qg3 Kh7 42. Kg1 Qa1+ 43. Kh2 Bd7 44. Qf3 Bg4 45. Qf2 Bd7 46. Qg1 Qc3 47. Qc1 Ng4+ 48. Kg3 Nxe3 49. Qxe3 Bxa4 1/2-1/2

[Event "Online Olym Div3 E"]
[Site "Chess.com INT"]
[Date "2021.08.28"]
[Round "6.2"]
[White "Guevara Sanchez, Erick Marvin"]
[Black "Rodriguez Ulloa, Josue"]
[Result "1/2-1/2"]
[WhiteElo "2173"]
[BlackElo "1730"]
[PlyCount "38"]
[EventDate "2021.08.27"]
[EventType "team-tourn (rapid)"]
[EventRounds "9"]
[EventCountry "USA"]
[SourceTitle "CBM 204 Extra"]
[Source "ChessBase"]
[SourceDate "2021.11.30"]
[SourceVersion "1"]
[SourceVersionDate "2021.11.30"]
[SourceQuality "1"]
[WhiteTeam "El Salvador"]
[BlackTeam "Honduras"]
[WhiteTeamCountry "ESA"]
[BlackTeamCountry "HON"]

1. e4 c5 2. Nf3 Nc6 3. Bb5 g6 4. c3 Bg7 5. d4 cxd4 6. cxd4 Qb6 7. Bxc6 bxc6 8. Nc3 Ba6 9. Rb1 Nf6 10. Be3 Ng4 11. Bf4 d6 12. h3 Nf6 13. Qc2 0-0 14. Be3 d5 15. e5 Nd7 16. Ne2 Qb5 17. Nc3 Qb6 18. Ne2 Qb5 19. Nc3 Qb6 1/2-1/2

[Event "Online Olym Div3 E"]
[Site "Chess.com INT"]
[Date "2021.08.28"]
[Round "4.3"]
[White "Handjaba, McLean Macsko"]
[Black "Rodriguez Ulloa, Josue"]
[Result "1/2-1/2"]
[WhiteElo "1909"]
[BlackElo "1730"]
[PlyCount "92"]
[EventDate "2021.08.27"]
[EventType "team-tourn (rapid)"]
[EventRounds "9"]
[EventCountry "USA"]
[SourceTitle "CBM 204 Extra"]
[Source "ChessBase"]
[SourceDate "2021.11.30"]
[SourceVersion "1"]
[SourceVersionDate "2021.11.30"]
[SourceQuality "1"]
[WhiteTeam "Namibia"]
[BlackTeam "Honduras"]
[WhiteTeamCountry "NAM"]
[BlackTeamCountry "HON"]

1. e4 c5 2. Nf3 Nc6 3. d4 cxd4 4. Nxd4 Nf6 5. Nc3 e5 6. Ndb5 d6 7. Bg5 a6 8. Na3 b5 9. Nd5 Be7 10. Bxf6 Bxf6 11. c3 0-0 12. Nc2 Bg5 13. h4 Bh6 14. g3 g6 15. Bg2 Ra7 16. a4 bxa4 17. Rxa4 Bd7 18. Ra2 f5 19. exf5 gxf5 20. 0-0 f4 21. Qd3 Nb8 22. Be4 Bh3 23. Rd1 Qd7 24. b4 fxg3 25. fxg3 Qg4 26. Ne1 Raf7 27. Ng2 Kh8 28. Kh2 Nd7 29. Nde3 Bxe3 30. Nxe3 Rf2+ 31. Rxf2 Rxf2+ 32. Ng2 Bxg2 33. Bxg2 Nf6 34. Rf1 Rxf1 35. Qxf1 Kg7 36. Qf3 Qc4 37. h5 h6 38. Bh3 Qa2+ 39. Kg1 Qa1+ 40. Kh2 Qb2+ 41. Kg1 Qc1+ 42. Kh2 Qd2+ 43. Kg1 Qe1+ 44. Kh2 Qd2+ 45. Kg1 Qe1+ 46. Kh2 Qd2+ 1/2-1/2

[Event "Online Olym Div3 E"]
[Site "Chess.com INT"]
[Date "2021.08.27"]
[Round "1.2"]
[White "Rodriguez Ulloa, Josue"]
[Black "Edwards, Emar"]
[Result "1-0"]
[WhiteElo "1730"]
[BlackElo "1702"]
[PlyCount "139"]
[EventDate "2021.08.27"]
[EventType "team-tourn (rapid)"]
[EventRounds "9"]
[EventCountry "USA"]
[SourceTitle "CBM 204 Extra"]
[Source "ChessBase"]
[SourceDate "2021.11.30"]
[SourceVersion "1"]
[SourceVersionDate "2021.11.30"]
[SourceQuality "1"]
[WhiteTeam "Honduras"]
[BlackTeam "Barbados"]
[WhiteTeamCountry "HON"]
[BlackTeamCountry "BAR"]

1. e4 c5 2. Nf3 e6 3. d3 Nc6 4. Nbd2 Nge7 5. g3 Ng6 6. Bg2 Be7 7. 0-0 0-0 8. Re1 Qc7 9. c3 Bf6 10. h4 d6 11. Nf1 Bd7 12. N1h2 e5 13. h5 Nge7 14. g4 g6 15. g5 Bh8 16. Nh4 Qc8 17. Bf3 b5 18. Bg4 b4 19. Bxd7 Qxd7 20. Ng4 Bg7 21. Nf6+ Bxf6 22. gxf6 Nc8 23. Kh2 Qe6 24. Bg5 Nb6 25. Rg1 Nd7 26. Qf3 bxc3 27. bxc3 Rab8 28. Bh6 Qxf6 29. Qxf6 Nxf6 30. Bxf8 Kxf8 31. Rab1 Rxb1 32. Rxb1 Nxh5 33. Ng2 Kg7 34. Rb7 Nf6 35. f4 exf4 36. Nxf4 Ng4+ 37. Kg3 h5 38. Rd7 Nce5 39. Rxd6 Kh6 40. d4 cxd4 41. cxd4 Nc4 42. Rc6 Nd2 43. e5 Ne4+ 44. Kf3 Ng5+ 45. Kg2 h4 46. Rc8 Ne3+ 47. Kf2 Ng4+ 48. Kf1 h3 49. Nxh3 Nxh3 50. Rh8+ Kg5 51. Rxh3 Nh6 52. Ra3 Nf5 53. d5 Kf4 54. e6 fxe6 55. dxe6 Ke5 56. Ra6 g5 57. Kf2 g4 58. a3 Kf6 59. Rxa7 Kxe6 60. Rb7 Kd6 61. a4 Kc6 62. Rb1 Nd6 63. Kg3 Nb7 64. Kxg4 Nc5 65. Rb4 Na6 66. Rb1 Nc5 67. a5 Nb7 68. a6 Na5 69. a7 Kc7 70. a8Q 1-0